|
|
|
|
| LEADER |
00760cam a2200193 a 4500 |
| 001 |
0000118459 |
| 005 |
20100224090000.0 |
| 040 |
|
|
|a mod
|
| 041 |
|
|
|a eng
|
| 090 |
0 |
0 |
|a 692.8
|b LEM
|c f
|
| 110 |
0 |
0 |
|a Lembaga Pembangunan Industri Pembinaan Malaysia
|
| 245 |
1 |
0 |
|a Standard proforma for contract administration : for use in conjuction with the CIDB standard form of contract for building works
|c Lembaga Pembangunan Industri Pembinaan Malaysia
|
| 260 |
0 |
0 |
|a Kuala Lumpur
|b CIDB
|c [n.d]
|
| 300 |
|
|
|a (various paging)
|c 30 cm
|
| 650 |
0 |
0 |
|a Construction contracts
|x Standards
|z Malaysia
|
| 650 |
0 |
0 |
|a Building laws
|x Forms
|z Malaysia
|
| 710 |
0 |
0 |
|a Construction Industry Development Board Malaysia
|
| 852 |
0 |
0 |
|a 01
|
| 999 |
|
|
|a 0284316
|b SPPTD
|d BOOKS
|e Rujukan
|f SPPTD
|j AVAILABLE
|q GOOD CONDITION
|